|
|
|
|
| LEADER |
00824nam a22002531a 4500 |
| 001 |
000037902 |
| 005 |
20210330081609.0 |
| 041 |
|
|
|a eng
|
| 082 |
|
|
|a 420.4
|b BR-M
|
| 100 |
|
|
|a Broukal,Milada
|
| 245 |
|
0 |
|a Grammar Form and Function. /
|c Milada Broukal
|n 3B
|
| 260 |
|
|
|a Mcgraw-Hill College,
|c 2005.
|
| 300 |
|
|
|a 397tr. :
|b mh. ;
|c 397cm.
|
| 650 |
|
|
|a Grammar Form and Function
|
| 653 |
|
|
|a Grammar
|a Function
|
| OWN |
|
|
|a LNN
|
| 902 |
|
|
|a TKA
|
| AVA |
|
|
|a UDN50
|b LNN
|c English
|e available
|t Error 5001 Not defined in file expand_doc_bib_avail.
|f 1
|g 0
|h N
|i 0
|j AN
|
| 999 |
|
|
|a From the UDN01
|
| AVA |
|
|
|a UDN50
|b LNN
|c English
|e available
|t Error 5001 Not defined in file expand_doc_bib_avail.
|f 1
|g 0
|h N
|i 0
|j AN
|
| TYP |
|
|
|a Monograph
|
| 980 |
|
|
|a Mạng thư viện Đại học Đà Nẵng
|